| 000 | 00689nam a2200205Ia 4500 | ||
|---|---|---|---|
| 003 | GCL | ||
| 008 | 140319s9999 xx 000 0 ara d | ||
| 040 |
_aGCL / _cGCL |
||
| 082 | 0 | 4 |
_aط _b743 _bم ر |
| 100 | 1 | _aمحيى الدين طالو | |
| 245 | 1 | 0 |
_aالرسم وسيلة لتعليم الاطفال / _cمحيى الدين طالو |
| 250 | _aالاولى | ||
| 260 |
_aسوريا : _bدار دمشق للنشر والتوزيع والطباعة ، _c1998 |
||
| 300 |
_a304 ص ؛ _c20 سم |
||
| 650 | 0 | 4 | _aرسم الحيوانات |
| 650 | 0 | 4 | _aالرسم - تعليم وتدريس |
| 650 | 0 | 4 | _aرسم الفاكهة |
| 650 | 0 | 4 | _aرسم الاطفال |
| 942 |
_2ddc _cBK |
||
| 999 |
_c33110 _d33110 |
||